| 000 | 00422nam a2200169Ia 4500 | ||
|---|---|---|---|
| 008 | 180921t1984 xxu||||| |||| 00| 0 eng d | ||
| 041 | _aeng | ||
| 080 |
_a54 _bEBB |
||
| 100 | _aEbbing,Darrell D. | ||
| 245 | _aGeneral chemistry | ||
| 260 |
_bHoughton mifflin company _aBoston _c1984 |
||
| 300 | _a120p.,4pl., 28 cm | ||
| 650 | _aChemistry | ||
| 942 | _cBK | ||
| 999 |
_c15910 _d15910 |
||
| 003 | LK-CoDNM | ||
| 040 |
_aLK-CoDNM _dLK-CoDNM _eLK-CoDNM |
||